| 000 | 00422nam a2200157Ia 4500 | ||
|---|---|---|---|
| 003 | GCL | ||
| 008 | 140319s9999 xx 000 0 eng d | ||
| 040 |
_aGCL / _cGCL |
||
| 082 | 0 | 4 |
_a677.022 _bF I |
| 100 | 1 | _aFLOWER, LYNDA | |
| 245 | 1 | 0 |
_aIDEAS AND TECHNIQUES FOR FABRIC DESIGN / _cFLOWER, LYNDA |
| 260 |
_a[S.N] : _bLONGMAN GROUP UK LIMITED ، _c1986 |
||
| 300 | _a246 P | ||
| 650 | 0 | 4 | _aTEXTILE DESIGN |
| 942 |
_2ddc _cBK |
||
| 999 |
_c20994 _d20994 |
||